00343pab a2200133 454500008004000000100001800040245007100058260000900129300001200138362000800150650001500158650001400173773002200187180718b2007 xxu||||| |||| 00| 0 eng d aRenwick, Alan aWhy did national promise a referendum on electoral reform in 1990? c2007 ap.7-22. aJun aReferendum aElections aPolitical Science